000 02482cam a22005054a 4500
001 muse76625
003 MdBmJHUP
005 20210127151732.0
006 m o d
007 cr||||||||nn|n
008 180101s2018 ne o 00 0 eng d
010 _z 2018415127
020 _a9789048532780
020 _a9048532787
020 _z9789462982741
020 _z9462982740
035 _a(OCoLC)1135847276
040 _aMdBmJHUP
_cMdBmJHUP
043 _ae------
050 0 4 _aHQ76.965.G38
_bE44 2018
082 0 _a300
100 1 _aEleftheriadis, Konstantinos,
_eauthor.
245 1 0 _aQueer Festivals
_cKonstantinos Eleftheriadis.
264 1 _bAmsterdam University Press,
264 3 _bProject MUSE,
300 _a1 online resource (215 pages)
490 0 _aProtest and social movements ;
_v14.
500 _aSeries number on top of spine.
504 _aIncludes bibliographical references (pages 199-209) and index.
506 0 _aOpen Access
_fUnrestricted online access
_2star
520 8 _aIs queer really anti-identitarian? And how is it experienced at the European level? At queer festivals, activists, artists and participants come together to build new forms of sociability and practice their ideals through anti-binary and inclusive idioms of gender and sexuality. These ideals are moreover channeled through a series of organizational and cultural practices that aim at the emergence of queer as a collective identity. Through the study of festivals in Amsterdam, Berlin, Rome, Copenhagen, and Oslo, this book thoughtfully analyzes the role of activist practices in the building of collective identities for social movement studies as well as the role of festivals as significant repertoires of collective action and sites of identitarian explorations in contemporary Europe.
588 _aDescription based on print version record.
650 0 _aGay pride parades.
_2fast
_0(OCoLC)fst01741738
650 0 _aGay liberation movement
_zEurope.
650 0 _aGay pride parades
_zEurope.
655 7 _aElectronic books.
_2local
710 2 _aProject Muse.
_edistributor
830 0 _aProtest and social movements ;
_v14.
830 0 _aBook collections on Project MUSE.
856 4 0 _zFull text available:
_uhttps://muse.jhu.edu/book/66422/
999 _c26855
_d26855